000
00340nam a2200145Ia 4500
005
20251222175933.0
008
251222s9999||||xx |||||||||||||| ||spa||
020
_a
8422664429
082
_a
829/S47
100
_a
Sheldon, Sidney
245
0
_a
Mañana, Tarde y Noche
250
_a
1ra.ed.
264
_b
Círculo de Lectores
942
_c
LIB
999
_c
41097
_d
41097